00959nam a2200145Ia 4500008004100000020001800041100009100059245019700150260002700347650002000374650026400394856004400658999001900702952009200721171212s9999 xx 000 0 und d a9780833044532 aTanielian, Terri;Jaycox, Lisa H.;Schell, Terry L.;Marshall, Grant N.;Burnam, M. Audrey cTanielian, Terri;Jaycox, Lisa H.;Schell, Terry L.;Marshall, Grant N.;Burnam, M. AudreyaInvisible Wounds of WarbSummary and Recommendations for Addressing Psychological and Cognitive Injuries bRAND Corporationc2008 aHealth Sciences aPost-traumatic stress disorder -- United States; Brian -- Wounds and injuries -- United States; Depression -- United states; Veterans -- Mental health -- United States; Iraq war, 2003– -- Psychological aspects; Afghan war, 2001– -- Psychological aspects;  uwww.jstor.org/stable/10.7249/mg720-1ccf c352243d352243 001040aCLbCLd2017-12-12l0oRC552.P67T34 2008r2017-12-12 00:00:00w2017-12-12yCBE